| 000 | 00420nam a2200181Ia 4500 | ||
|---|---|---|---|
| 003 | OSt | ||
| 005 | 20260105151216.0 | ||
| 008 | 251219s9999 xx 000 0 und d | ||
| 041 | _aeng | ||
| 082 |
_a823 _bDUR |
||
| 100 |
_aDurrell G _9215962 |
||
| 245 | _aStationary Ark | ||
| 260 |
_bWestland/India _c2006 |
||
| 300 |
_a191 _bPaper Back |
||
| 500 | _aLiterature | ||
| 500 | _aEnglish Literature | ||
| 942 |
_2ddc _cDB |
||
| 999 |
_c369492 _d369492 |
||